Responses for Show #8924 - Thursday, July 27, 2023

Lucas Partridge game 2.

Contestants

[<< previous game]

Zach Razavi, a palliative physician from Saint Paul, Minnesota

Alicia Schaffer, a physician from Indianapolis, Indiana

Lucas Partridge, a school counselor from Las Vegas, Nevada (whose 1-day cash winnings total $20,100)

[next game >>]

Jeopardy! Round responses

HISTORIC AMERICANS
BOOKS OF THE OLD TESTAMENT
TRIPLE TIME
THE FORBES 2023 BILLIONAIRES
RETITLED MOVIE ADAPTATIONS
ANATOMICAL ANAGRAMS
    $200 12
Annie Oakley

Lucas
    $200 21
Exodus

Alicia
    $200 17
trimesters

Lucas
    $200 7
(Ken: Poor [*], yes.)

Elon Musk

Alicia
    $200 1
Frozen

Zach
    $200 10
(Alicia: What is the ankle?)

elbow (from below)

Alicia
Triple Stumper
    $400 13
Joseph Smith

Lucas
    $400 22
(Ken: Only [*] goes as high as Chapter 103.)

Psalms

Triple Stumper
    $400 18
triple-A

Alicia
    $400 8
L'Oréal

Triple Stumper
    $400 2
Goodfellas

Lucas
    $400 11
face (from cafe)

Lucas
    $600 14
Fargo

Lucas
    $600 23
Ruth

Alicia
    $600 6
(Lucas: What is orange?)
(Ken: More specifically?)
(Lucas: Uh, orange liqueur, citrus liqueur?)

triple sec

LucasAlicia
    $600 9
(Alicia: ANATOMICAL ANAGRAMS for $200.)
(Ken: Yeah, the billionaires are bad news.)

LeBron & Tiger

Triple Stumper
    $600 3
Dr. Strangelove

Alicia
    $600 27
heart (from Earth)

Triple Stumper
    $2,000 15
Dred Scott

Lucas
    $800 24
Song of Solomon

Lucas
    $800 19
Ham, Shem & Japheth

Triple Stumper
    $800 25
(Alicia: Who is Dassler?)
...
(Ken: It's not Adidas but Nike; this is [*].)

Phil Knight

Alicia
Triple Stumper
    $800 4
Rear Window

Lucas
    $800 28
sole (from lose)

Alicia
    $1000 16
Jeannette Rankin

Triple Stumper
    $1000 30
Isaiah

Triple Stumper
    $1000 20
(Alicia: What are Austria, Hungary, and... Russia?)
(Lucas: What are Austria, Hungary, and Germany?)

Austria, France & Russia

LucasAlicia
Triple Stumper
    $1000 26
Bloomberg

Zach
    $1000 5
The Odyssey

Lucas
    $1000 29
retina (from retain)

Alicia

Scores at the first commercial break (after clue 15):

Lucas Alicia Zach
$5,200 $1,200 $200

Scores at the end of the Jeopardy! Round:

Lucas Alicia Zach
$5,200 $2,400 $1,200

Double Jeopardy! Round responses

WORLD CITIES
PLAY TIME
STARTS WITH "H-I"
THE BAR MITZVAH BOY
THAT SONG SLAYS
HERE BE PIRATES!
    $400 16
Glasgow

Lucas
    $400 10
(Lucas: Who are the Aztec?)
(Zach: Who are the Mayan?)

the Inca

LucasAliciaZach
    $400 18
hilt

Lucas
    $400 17
Mark Zuckerberg

Alicia
    $400 8
(Johnny) Cash

Lucas
    $400 1
Captain Hook

Lucas
    $800 3
(Lucas: THAT SONG SLAYS $800.)
(Ken: Mm, you're hopping around again.)

Ottawa

Lucas
    $800 11
Joan of Arc

Lucas
    $800 26
hibernation

Lucas
    $800 19
(Ken: If you sell preppy clothes you want to be named [*], not Lifshitz, I guess.)

Ralph Lauren

Triple Stumper
    $800 4
"Bohemian Rhapsody"

Lucas
    $800 27
Jean Lafitte

Triple Stumper
    $1200 2
the Black Sea

Alicia
    $1200 12
Love's Labour's Lost

Alicia
    $1200 25
hirsute

Lucas
    $1200 20
Chuck Schumer

Lucas
    $1200 5
The Police

Zach
    $1200 28
(Ken: Captain William [*], [*].)

the USS Kidd

Triple Stumper
    $1600 9
Nigeria

Triple Stumper
    $2,000 13
(Alicia: Who is Oscar Wilde?)

George Bernard Shaw

Alicia
    $1600 24
histamine

Lucas
    $1600 21
Thomas Friedman

Triple Stumper
    $1600 6
"Where Did You Sleep Last Night?"

Alicia
    $1600 29
the Spanish Main

Triple Stumper
    $1,800 15
Mumbai

Alicia
    $2000 14
The Little Foxes

Triple Stumper
    $2000 23
Histrionics

Triple Stumper
    $2000 22
Kafka

Triple Stumper
    $2000 7
Maxwell

Alicia
    $2000 30
(Ken: Lucas has had a lot of cocktails, but you beat him to that one.)

Captain Morgan

Alicia

Scores at the end of the Double Jeopardy! Round:

Lucas Alicia Zach
$13,600 $11,000 $2,000

[wagering suggestions for these scores]

Final Jeopardy! Round responses

FIGHTING FORCES
ZachWhat is The French Foreign Legion?
$1,986
AliciaWhat is the French ^ Foreign Legion?
$6,999
LucasWhat is the French Foreign Legion?
$8,500
the French Foreign Legion

Final scores:

Lucas Alicia Zach
$22,100 $17,999 $3,986
2-day champion: $42,200 2nd place: $2,000 3rd place: $1,000

Game dynamics:

Coryat scores:

Lucas Alicia Zach
$12,400 $13,200 $2,000
21 R
(including 1 DD),
3 W
16 R
(including 1 DD),
4 W
(including 1 DD)
3 R,
1 W

Combined Coryat: $27,600

[game clues] [game scores] [suggest correction]

Game tape date: 2023-05-19
The J! Archive is created by fans, for fans. Scraping, republication, monetization, and malicious use prohibited; this site may use cookies and collect identifying information. See terms. The Jeopardy! game show and all elements thereof, including but not limited to copyright and trademark thereto, are the property of Jeopardy Productions, Inc. and are protected under law. This website is not affiliated with, sponsored by, or operated by Jeopardy Productions, Inc. Join the discussion at JBoard.tv.